Obscure Knowledge - Chemical Elements Quiz Stats

 Plays Quiz Updated Nov 9, 2021

     
Support Sporcle.
Go Orange.
Score 0/118 Timer 02:00
10 Plays Today
Percent Guessed Element % Correct
94.5%???
99.2%
91.8%???
97.1%
91.8%???
96.6%
88.4%???
95.2%
85.9%???
94.6%
83.4%???
94.4%
83.2%???
93.8%
81.3%???
93.7%
81.1%???
93.3%
80.7%???
93.1%
80.1%???
92.7%
80.0%???
92.5%
78.6%???
91.4%
78.5%???
90.9%
77.8%???
90.6%
77.6%???
89.9%
76.9%???
89.7%
74.2%???
89.6%
72.7%???
89.5%
71.9%???
89.4%
71.8%???
89.3%
69.6%???
89.2%
68.4%???
88.6%
66.9%???
87.4%
66.5%???
87%
66.6%???
86.8%
65.4%???
86.8%
64.5%???
86.2%
64.5%???
86%
64.1%???
85.7%
63.8%???
84.9%
63.4%???
84.4%
63.2%???
84.2%
63.1%???
84.1%
61.4%???
83.9%
60.8%???
83.5%
60.3%???
83.3%
59.9%???
82.8%
58.1%???
82.6%
57.8%???
82%
Percent Guessed Element % Correct
56.9%???
81.9%
56.9%???
76.8%
56.8%???
76.6%
55.8%???
75.8%
54.1%???
74.6%
52.9%???
74.2%
52.7%???
73.7%
52.5%???
73.4%
52.4%???
73.3%
51.6%???
72.9%
51.5%???
71.6%
50.1%???
71.2%
49.0%???
70.7%
47.9%???
69.8%
47.2%???
69.2%
47.1%???
66.3%
46.6%???
63.2%
46.2%???
62.8%
43.4%???
60.9%
43.3%???
60.1%
42.3%???
59.8%
41.9%???
59.2%
41.7%???
58.7%
40.7%???
58%
40.4%???
57.5%
40.3%???
57.4%
40.2%???
56.7%
39.9%???
56.3%
39.5%???
55.3%
38.8%???
53.6%
38.7%???
52.9%
38.4%???
52.5%
38.2%???
52%
38.1%???
51.6%
37.7%???
49%
36.9%???
48.2%
36.3%???
47.9%
35.7%???
47.6%
35.6%???
47%
35.0%???
46.4%
Percent Guessed Element % Correct
34.9%???
42.9%
34.8%???
42.3%
34.6%???
39%
34.3%???
36.9%
34.2%???
35.5%
34.1%???
33.2%
34.0%???
32.9%
33.9%???
32.6%
33.8%???
31.4%
33.7%???
30.9%
33.1%???
30.3%
32.0%???
29.3%
31.9%???
28.9%
31.8%???
28.8%
31.7%???
27.3%
31.6%???
26.8%
31.1%???
25.3%
30.9%???
23.5%
30.8%???
22.8%
30.3%???
22.4%
30.2%???
22.1%
29.8%???
20.9%
29.3%???
20.3%
28.8%???
20%
28.6%???
19.4%
28.5%???
18.2%
28.5%???
17.6%
27.8%???
17.3%
27.8%???
16.8%
27.7%???
14.3%
27.4%???
13.9%
27.4%???
13.4%
27.3%???
12.8%
26.9%???
12.1%
26.4%???
9.8%
26.4%???
9.1%
25.3%???
7.1%
25.2%???
5.1%

From the Vault

First One, Last One: Music

by Flick

Music 3m
Shockingly, we won't ask you which cut is the deepest.
Remove Ads.
Support Sporcle.
Get the best of Sporcle when you Go Orange. This ad-free experience offers more features, more stats, and more fun while also helping to support Sporcle. Thank you for becoming a member.

Show Comments

Extras

Top Quizzes Today


Score Distribution

Your Account Isn't Verified!

In order to create a playlist on Sporcle, you need to verify the email address you used during registration. Go to your Sporcle Settings to finish the process.

Report this User

Report this user for behavior that violates our Community Guidelines.

Details: